000 00904cam a2200253 a 4500
001 000004920
005 20200929151533.0
008 910307s1991 pr ac 001 1 spa
020 _a084773661X
040 _aDO-SdBNP
_dBNPHU
082 _aCu860.09
_bB423e
100 1 _aBejel, Emilio,
_d1944-
_914225
245 1 0 _aEscribir en Cuba :
_bentrevistas con escritores cubanos, 1979-1989 /
_cEmilio Bejel.
260 _aRío Piedras, Puerto Rico :
_bEditorial de la Universidad de Puerto Rico,
_c1991.
300 _axiv, 387 p. :
_bil., retrs. ;
_c21 cm.
490 1 _aCaribeña
650 4 _aLiteratura cubana
_xHistoria y crítica
_ySIGLO XX
_914226
650 4 _aAutores cubanos
_ySIGLO XX
_vENTREVISTAS
_914227
650 4 _aLiteratura y sociedad
_zCuba
_99841
651 4 _aCuba
_xVida Intelectual
_ySIGLO XX
_914228
830 0 _aCaribeña
_914229
910 _aCatalogación por copia / LC
910 _aWM
999 _c4726
_d4726